Party system, democracy and political stability in Nigeria (Record no. 3068)

MARC details
000 -LEADER
fixed length control field 00320nam a22001217a 4500
008 - FIXED-LENGTH DATA ELEMENTS--GENERAL INFORMATION
fixed length control field 250422b |||||||| |||| 00| 0 eng d
100 ## - MAIN ENTRY--AUTHOR
Author AMDI I.E.S
245 ## - TITLE STATEMENT
Title Party system, democracy and political stability in Nigeria
260 ## - PUBLICATION, DISTRIBUTION, ETC. (IMPRINT)
Place of publication Nigeria
Name of publisher N.P.S.A
Date of publication 1990
300 ## - COLLATION
Pagination 427p.
942 ## - ADDED ENTRY ELEMENTS (KOHA)
Item type Books
050 ## - LIBRARY OF CONGRESS CALL NUMBER
Classification number JQ 3098
Item number .A42
Holdings
Source of classification or shelving scheme Not for loan Permanent location Current location Date acquired Accession No. Full call number Barcode. Koha item type
Library of Congress Classification   Samuel Ogbemudia Main Library, University of Abuja Samuel Ogbemudia Main Library, University of Abuja 04/22/2025 92/009405 JQ 3098.A42 2025-1478 Books